Detalles MARC
| 000 -CABECERA |
| campo de control de longitud fija |
02536ngm a22003970a 4500 |
| 001 - NÚMERO DE CONTROL |
| campo de control |
PT47238 |
| 003 - IDENTIFICADOR DEL NÚMERO DE CONTROL |
| campo de control |
AR-LpoUNG |
| 005 - FECHA Y HORA DE LA ÚLTIMA TRANSACCIÓN |
| campo de control |
20210202000008.0 |
| 007 - CAMPO FIJO DE DESCRIPCIÓN FÍSICA--INFORMACIÓN GENERAL |
| campo de control de longitud fija |
vd cvaizq |
| 008 - DATOS DE LONGITUD FIJA--INFORMACIÓN GENERAL |
| campo de control de longitud fija |
191001s2008||||ag |||||||||||||||||ita d |
| 040 ## - FUENTE DE LA CATALOGACIÓN |
| Centro catalogador/agencia de origen |
AR-LpoUNG |
| Lengua de catalogación |
spa |
| Centro/agencia transcriptor |
AR-LpoUNG |
| Normas de descripción |
aacr |
| 041 ## - CÓDIGO DE LENGUA |
| Código de lengua del texto/banda sonora o título independiente |
ita |
| -- |
eng |
| -- |
spa |
| 044 ## - CÓDIGO DEL PAÍS DE LA ENTIDAD EDITORA/PRODUCTORA |
| Código MARC del país |
ag |
| 082 0# - NÚMERO DE LA CLASIFICACIÓN DECIMAL DEWEY |
| Número de clasificación |
303.64 792dja |
| 100 1# - ENTRADA PRINCIPAL--NOMBRE DE PERSONA |
| Nombre de persona |
Corbucci, Sergio |
| Término indicativo de función/relación |
dir. |
| 245 10 - MENCIÓN DE TÍTULO |
| Título |
Django |
| 260 ## - PUBLICACIÓN, DISTRIBUCIÓN, ETC. |
| Lugar de publicación, distribución, etc. |
San Luis : |
| Nombre del editor, distribuidor, etc. |
AVH, |
| Fecha de publicación, distribución, etc. |
2008. |
| 300 ## - DESCRIPCIÓN FÍSICA |
| Extensión |
DVD (88 min.) : son., col. |
| 505 0# - NOTA DE CONTENIDO CON FORMATO |
| Nota de contenido con formato |
Hecha en 1966. Subtitulada en castellano. Protagonistas: Franco Nero, Loredana Nusciak, José Bódalo, Angel Alvarez, Eduardo Fajardo. Música: Luis Enríquez Bacalov. |
| 520 ## - SUMARIO, ETC. |
| Sumario, etc. |
En un desértico paisaje de la frontera mexicana, una joven mujer, María es azotada por un grupo de hombres. Aparece un extraño personaje que arrastra un ataúd y dice llamarse Django. Django rescata a María y descubre que en la zona se enfrentan dos bandas rivales que luchan entre sí para obtener la supremacía de la comarca: la del mayor Jackson, un estadounidense, fanático racista cercano al Ku Klux Klan, y la del general Hugo Rodríguez, mexicano y revolucionario. Django, aprovechando el elemento sorpresa, combate contra los esbirros del mayor Jackson , dejándolos casi diezmados, y se alía con el general Hugo Rodríguez para dar un golpe que les reportará mucho oro a ambos. Sin embargo, Django trata de quedarse con todo el oro, por lo que es perseguido, resultando el oro perdido en unas arenas movedizas. Es capturado y torturado por el general Rodríguez, quedando con sus manos aplastadas por los cascos de los caballos que le pasan por encima, según las órdenes del general Rodríguez. Sorpresivamente aparece el mayor Jackson, esta vez acompañado de soldados mexicanos, y terminan con las tropas irregulares del general Rodríguez. Django tendrá que enfrentarse a Jackson en un dramático duelo en un cementerio. Con su pistola reacondicionada, adaptada a sus manos aplastadas, logra eliminar a los asesinos de su esposa, vengándose, lo que era el motivo real de su presencia en la región; apoyándose en la lápida de su tumba ubicada en el mismo cementerio. |
| 650 #4 - PUNTO DE ACCESO ADICIONAL DE MATERIA--TÉRMINO DE MATERIA |
| Término de materia o nombre geográfico como elemento de entrada |
FUERZAS ARMADAS |
| 650 #4 - PUNTO DE ACCESO ADICIONAL DE MATERIA--TÉRMINO DE MATERIA |
| Término de materia o nombre geográfico como elemento de entrada |
GUERRA CIVIL |
| 650 #4 - PUNTO DE ACCESO ADICIONAL DE MATERIA--TÉRMINO DE MATERIA |
| Término de materia o nombre geográfico como elemento de entrada |
JUSTICIA |
| 650 #4 - PUNTO DE ACCESO ADICIONAL DE MATERIA--TÉRMINO DE MATERIA |
| Término de materia o nombre geográfico como elemento de entrada |
MEXICO |
| 650 #4 - PUNTO DE ACCESO ADICIONAL DE MATERIA--TÉRMINO DE MATERIA |
| Término de materia o nombre geográfico como elemento de entrada |
OESTE |
| 650 #4 - PUNTO DE ACCESO ADICIONAL DE MATERIA--TÉRMINO DE MATERIA |
| Término de materia o nombre geográfico como elemento de entrada |
ORO |
| 650 #4 - PUNTO DE ACCESO ADICIONAL DE MATERIA--TÉRMINO DE MATERIA |
| Término de materia o nombre geográfico como elemento de entrada |
REVOLUCION |
| 651 #4 - PUNTO DE ACCESO ADICIONAL DE MATERIA--NOMBRE GEOGRÁFICO |
| Nombre geográfico |
México |
| 653 ## - TÉRMINO DE INDIZACIÓN--NO CONTROLADO |
| Término no controlado |
ACCION |
| 653 ## - TÉRMINO DE INDIZACIÓN--NO CONTROLADO |
| Término no controlado |
CINE ITALIANO |
| 653 ## - TÉRMINO DE INDIZACIÓN--NO CONTROLADO |
| Término no controlado |
DVD |
| 653 ## - TÉRMINO DE INDIZACIÓN--NO CONTROLADO |
| Término no controlado |
VIDEOS |
| 653 ## - TÉRMINO DE INDIZACIÓN--NO CONTROLADO |
| Término no controlado |
WESTERN |
| 905 ## - ELEMENTOS DE DATOS E LOCAL, LDE (RLIN) |
| a |
47238 |
| 942 ## - ELEMENTOS DE PUNTO DE ACCESO ADICIONAL (KOHA) |
| Tipo de ítem Koha |
DVD |